|
|
|
|
| LEADER |
01366nam a2200421 a 4500 |
| 001 |
nkc20142592526 |
| 003 |
CZ PrNK |
| 005 |
20150120101355.0 |
| 007 |
ta |
| 008 |
140529s2014 xr a e f 000 0 cze |
| 015 |
|
|
|a cnb002592526
|
| 020 |
|
|
|a 978-80-87494-10-3
|q (brož.)
|
| 035 |
|
|
|a (OCoLC)892780952
|
| 040 |
|
|
|a ABA001
|b cze
|
| 072 |
|
7 |
|a 616.31
|x Stomatologie
|2 Konspekt
|9 14
|
| 080 |
|
|
|a 616.31
|2 MRF
|
| 080 |
|
|
|a 616.31-083
|2 MRF
|
| 080 |
|
|
|a 616.314-083
|2 MRF
|
| 080 |
|
|
|a (0.062)
|2 MRF
|
| 100 |
1 |
|
|a Šedý, Jiří,
|d 1980-
|7 mzk2007411473
|4 aut
|
| 245 |
1 |
0 |
|a Zubař - nejlepší přítel člověka /
|c Jiří Šedý
|
| 246 |
3 |
0 |
|a Zubař
|
| 260 |
|
|
|a Blansko :
|b ALMI,
|c 2014
|
| 300 |
|
|
|a 139 s. :
|b il. (převážně barev.) ;
|c 21 cm
|
| 504 |
|
|
|a Obsahuje bibliografii
|
| 650 |
0 |
7 |
|a stomatologie
|7 ph126122
|2 czenas
|
| 650 |
0 |
7 |
|a stomatologická péče
|7 ph347583
|2 czenas
|
| 650 |
0 |
7 |
|a zubní hygiena
|7 ph183315
|2 czenas
|
| 650 |
0 |
9 |
|a stomatology
|2 eczenas
|
| 650 |
0 |
9 |
|a stomatological care
|2 eczenas
|
| 650 |
0 |
9 |
|a dental hygiene
|2 eczenas
|
| 655 |
|
7 |
|a populárně-naučné publikace
|7 fd131864
|2 czenas
|
| 655 |
|
9 |
|a popular works
|2 eczenas
|
| 910 |
2 |
|
|a BOA001
|b 2-1336.468
|
| 990 |
|
|
|a BK
|
| 995 |
|
|
|a 01
|
| 991 |
|
|
|b 201501
|c NOV
|e n
|
| 996 |
6 |
|
|b 2610617821
|c 2-1336.468
|l MZK
|r Sklad / do 1 hodiny
|n 9
|p p.v.
|w 001481564
|u 000010
|a 1
|e BOA001
|j MZK50
|s P
|